Giáo trình Kế toán Tài chính Đã chỉnh sửa và bổ sung theo thông tư số 200/2014/TT/BTC ngày 22/12/2014 Quyển 1

Gồm 24 chương, trình bày các nội dung: Tổng quan về kế toán tài chính; Kế toán tiền và các khoản phải thu; Kế toán hàng tồn kho; Kế toán tài sản cố định; Kế toán nợ phải trả; Kế toán vốn chủ sở hữu, Kế toán hoạt động thương mại và x...

Fuld beskrivelse

Đã lưu trong:
Bibliografiske detaljer
Hovedforfatter: Nguyễn, Xuân Hưng
Andre forfattere: Phan, Thị Thu Hà
Format: Bog
Sprog:Undetermined
Udgivet: Tp. Hồ Chí Minh Kinh tế Tp. Thành phố 2015
Fag:
Online adgang:http://lrc.tdmu.edu.vn/opac/search/detail.asp?aID=2&ID=33849
Tags: Tilføj Tag
Ingen Tags, Vær først til at tagge denne postø!
Thư viện lưu trữ: Trung tâm Học liệu Trường Đại học Thủ Dầu Một
LEADER 01325nam a2200241Ia 4500
001 TDMU_33849
008 210410s9999 xx 000 0 und d
082 |a 363.7009597 
090 |b NG527 
100 |a Nguyễn, Xuân Hưng 
245 0 |a Giáo trình Kế toán Tài chính 
245 0 |b Đã chỉnh sửa và bổ sung theo thông tư số 200/2014/TT/BTC ngày 22/12/2014 
245 0 |c Nguyễn Xuân Hưng, Phan Thị Thu Hà, Nguyễn Thị Kim Cúc và [nh.ng. khác] 
245 0 |n Quyển 1 
260 |a Tp. Hồ Chí Minh 
260 |b Kinh tế Tp. Thành phố 
260 |c 2015 
300 |a 274tr. 
520 |a Gồm 24 chương, trình bày các nội dung: Tổng quan về kế toán tài chính; Kế toán tiền và các khoản phải thu; Kế toán hàng tồn kho; Kế toán tài sản cố định; Kế toán nợ phải trả; Kế toán vốn chủ sở hữu, Kế toán hoạt động thương mại và xác định kết quả kinh doanh 
650 |a Kế toán tài chính  |v Giáo trình 
700 |a Phan, Thị Thu Hà 
856 |u http://lrc.tdmu.edu.vn/opac/search/detail.asp?aID=2&ID=33849 
980 |a Trung tâm Học liệu Trường Đại học Thủ Dầu Một